000 01456cam a2200289 4500
001 ABS68364
008 041027n2004 000 0 eng u
035 _a(Sirsi) u127838
245 _aHow big is my business space?
260 _c2004
490 _aEstates Gazette
_v(0442) 16 October 2004, 156-157(2)
520 _aThis "Mainly for Students" article focuses on a number of issues relating to the measurement of property. Discusses core measurement definitions Net Internal Area and Gross External Area used in the RICS "Code of measuring practice" (ISBN 1842190601) which although is not mandatory promotes good practice. Lists a range of factors which should also be taken into consideration such as: lease measurements; lease terms; car parking; not relying on photocopied plans without verifying scale use; measuring instruments; and reinstatement cost assessments. Focuses on the valuation and measurement of shops looking at zoning and good local market practice. Notes that the RICS Property Measurement Group periodically updates the code.
590 _aABS
590 _aABS
650 _aRICS CODE OF MEASURING PRACTICE
650 _aMANDATORY
650 _aCOMPLIANCE
650 _aBEST PRACTICE
650 _aNET INTERNAL AREA
650 _aGROSS INTERNAL AREA
650 _aValuation
_96273
650 _aSHOPS
650 _aZONING
650 _aLOCAL CONDITIONS
690 _aMAPPING AND MEASUREMENT
942 _n0
999 _c118237
_d118237